| 000 | 00791nas a2200265 4500 | ||
|---|---|---|---|
| 001 | BR7700694 | ||
| 003 | BR-BrBNA | ||
| 005 | 20231205083051.0 | ||
| 007 | ta | ||
| 008 | 230509b bl.|||p| |||| 00| 00por d | ||
| 040 |
_aBR-BrBNA _bpor _cBiblioteca Nacional de Agricultura |
||
| 041 | _a(Pt) | ||
| 072 | _aL30 | ||
| 100 | 1 | _aMaffia, L.M. | |
| 100 | 1 | _aBatista, C.M. | |
| 100 | 1 | _aMeira, J.L. | |
| 245 | 1 | _aEfeito de sorgo com alto teor de lisina no crescimento de ratos [Sorghum vulgare, painco, Pennisetum typhoides] | |
| 650 | _aSORGO | ||
| 650 | _aLISINA | ||
| 650 | _aVALOR NUTRITIVO | ||
| 650 | _aPAINCO | ||
| 773 | 0 |
_tRevista Ceres (Brazil) _xISSN 0034-737X _g(Jul 1976), v. 23(128) p. 333-337 _wBR7700694 |
|
| 909 |
_a202311 _bLúcia _c55 _dLúcia Elande |
||
| 942 |
_2AGRIS _n0 _cANA |
||
| 999 |
_c96163 _d96163 |
||